Name A Border of Every North American Country - Statistics

General Stats
  • This quiz has been taken 887 times
  • The average score is 12 of 12
Answer Stats
Country Borders % Correct
Canada
100%
Belize
99%
Costa Rica
99%
Dominican Republic
99%
El Salvador
99%
Guatemala
99%
Haiti
99%
Honduras
99%
Mexico
99%
Nicaragua
99%
United States
99%
Panama
98%
No matching quizzes found
Score Distribution
Percent of People with Each Score
Percentile by Number Answered
Your Score History
You have not taken this quiz